000 00538nam a22001937a 4500
003 KOHA_MİRAKIL
005 20251116170038.0
008 251116b tu ||||| |||| 00| 0 tur d
020 _a9789752566460
040 _aTR-AnABB
_btur
_cTR-AnABB
041 _atur
082 _a813.42
_bAKY 2019
100 1 _aAkyol, Funda Ozan,
245 1 0 _aBir ölüm mesajı /
_cFunda Ozan Akyol
260 _aİstanbul :
_bKaknüs Yayınları,
_c2019
300 _a366 sayfa ;
_c21 cm
650 0 4 _aTürk edebiyatı, roman
942 _2ddc
_cBK
999 _c9461
_d9461
900 _bGizem YORULMAZ